O czym warto wiedzieć

Bibliographic Details
Main Author: Bussolati, Emanuela (Author)
Other Authors: Orlando, Sabrina (Illustrator)
Format: Book
Language:Polish
PhysicalDescription:61 s. 30 cm
Published: Warszawa Świat Książki 1997
ISBN:8371293852
Subjects:

MARC

LEADER 00000nam a2200000 a 4500
001 vtls001288609
003 SK-MaSNL
005 20260302065828.0
008 240315s1997 PL a pol
020 |a 8371293852  |c b.c. 
035 |a SNK000240211 
035 |a urn:nbn:sk:snk-amtj4p 
035 |a urn:nbn:sk:snk-am00c8cs 
035 |a 4E5EC197-BB76-47A3-8402-AF227B701A62 
040 |a SNK  |b slo  |c SNK  |e AACR2 
041 0 |a pol 
044 |a PL 
080 |a 03(02.053.2)(084.12)=84  |2 1981 
100 1 |a Bussolati, Emanuela  |4 aut  |9 43119 
245 1 |a O czym warto wiedzieć  |c Emanuela Bussolati ; z włoskiego przełożyła Joanna Ugniewska ; ilustrowała Sabrina Orlando 
260 |a Warszawa  |b Świat Książki  |c 1997  |e Martin  |f Neografia 
300 |a 61 s.  |c 30 cm 
650 0 7 |a encyklopédie detské poľské  |2 SNK  |9 385251 
700 1 |a Orlando, Sabrina  |4 ill  |9 46079 
919 |a 83-7129-385-2 
999 |c 1144050  |d 1145980 
952 |t P60, <03>, [BOOK], {603}  |a SNK  |b SNK  |y PREZ  |7 0  |p 17A0069507  |o snkSB 57050  |i snkKSP 5722/97  |0 0  |1 0  |4 0  |d 1997-06-06  |f 1  |l 0  |r 2025-04-09 00:00:00  |w 2026-02-24 
952 |a SNK  |b SNK  |y VYP  |7 0  |p 17A0069496  |o snkSB 57050 D1  |i snkKSP 5734/97  |0 0  |1 0  |4 0  |d 1997-06-06  |l 0  |r 2005-01-02 00:00:00  |w 2026-02-24